Administrative law : (Record no. 184645)
[ view plain ]
| 000 -LEADER | |
|---|---|
| fixed length control field | 00708cam5a220022900 4500 |
| 001 - CONTROL NUMBER | |
| control field | qce01805841 |
| 005 - DATE AND TIME OF LATEST TRANSACTION | |
| control field | 20190830103621.0 |
| 008 - FIXED-LENGTH DATA ELEMENTS--GENERAL INFORMATION | |
| fixed length control field | 770217s1952 inu 001 0 eng u |
| 010 ## - LIBRARY OF CONGRESS CONTROL NUMBER | |
| LC control number | 52000951 |
| 035 ## - SYSTEM CONTROL NUMBER | |
| System control number | (Sirsi) r111227 |
| 035 ## - SYSTEM CONTROL NUMBER | |
| System control number | (QCAT)lss01496357 |
| 035 ## - SYSTEM CONTROL NUMBER | |
| System control number | (UPRA)qce01805841 |
| 040 ## - CATALOGING SOURCE | |
| Modifying agency | UPRA |
| 100 1# - MAIN ENTRY--PERSONAL NAME | |
| Personal name | Parker, Reginald, 1904- |
| Dates associated with a name | Parker, Reginald, 1904- |
| Linkage | A71578.1 |
| 245 10 - TITLE STATEMENT | |
| Title | Administrative law : |
| Remainder of title | a text. |
| 260 ## - PUBLICATION, DISTRIBUTION, ETC. | |
| Place of publication, distribution, etc. | Indianapolis : |
| Name of publisher, distributor, etc. | Bobbs-Merrill, |
| Date of publication, distribution, etc. | [1952] |
| 504 ## - BIBLIOGRAPHY, ETC. NOTE | |
| Bibliography, etc. note | Bibliographical footnotes. |
| 504 ## - BIBLIOGRAPHY, ETC. NOTE | |
| Bibliography, etc. note | Bibliography: p. 313-322. |
| 650 #0 - SUBJECT ADDED ENTRY--TOPICAL TERM | |
| Topical term or geographic name entry element | Administrative law. |
| Linkage | S32125.1 |
| 949 ## - LOCAL PROCESSING INFORMATION (OCLC) | |
| a | KB22 |
| w | lcc |
| i | 33729000321187 |
| m | MAIN |
| p | 2500 |
| t | BOOK |
| l | ON-SHELF |
No items available.